OPAC Home

ගංගා (Record no. 74134)

MARC details
000 -LEADER
fixed length control field 00423nam a2200169Ia 4500
008 - FIXED-LENGTH DATA ELEMENTS--GENERAL INFORMATION
fixed length control field 100907t1978 xxu||||| |||| 00| 0 sin d
041 ## - LANGUAGE CODE
Language code of text/sound track or separate title Sinhala; Sinhalese
080 ## - UNIVERSAL DECIMAL CLASSIFICATION NUMBER
Universal Decimal Classification number 8S31
Item number SAP
942 ## - ADDED ENTRY ELEMENTS (KOHA)
Koha item type Books
003 - CONTROL NUMBER IDENTIFIER
control field LK-CoDNM
040 ## - CATALOGING SOURCE
Original cataloging agency LK-CoDNM
Modifying agency LK-CoDNM
Description conventions LK-CoDNM
100 ## - MAIN ENTRY--PERSONAL NAME
Personal name Saputhanthri, Karunarathna
245 ## - TITLE STATEMENT
Title ගංගා
246 ## - VARYING FORM OF TITLE
Title proper/short title Ganga 27
260 ## - PUBLICATION, DISTRIBUTION, ETC. (IMPRINT)
Name of publisher, distributor, etc. Samanala
Place of publication, distribution, etc. Kelaniya
Date of publication, distribution, etc. 1978
-- 1980
300 ## - PHYSICAL DESCRIPTION
Extent 214p., 18 :239p., 18 cm
Holdings
Withdrawn status Lost status Damaged status Not for loan Collection code Permanent Location Current Location Date acquired Full call number Barcode Koha item type
        Novels Library National Museum Colombo - Sri Lanka Library National Museum Colombo - Sri Lanka 2010-09-07 8S31 SAP 117959-1 Books
        Novels Library National Museum Colombo - Sri Lanka Library National Museum Colombo - Sri Lanka 2010-09-07 8S31 SAP 117572-1 Books
Copyright © 2023 Department of National Museum, Colombo 07, Sri Lanka Funded by UNESCO IFAP UNESCO